000
00313nam a22001337a 4500
008
170302b xxu||||| |||| 00| 0 eng d
020
_a
9780781763745
041
_a
eng
080
_2
2ND
_a
616.073
100
_a
6
101
_a
SHM
245
_a
MUSCULOSKELETAL IMAGING COMPANION
_c
BERQUIST, TH.H
942
_2
udc
_c
BK
999
_c
6613
_d
6613